[Event "European Blitz 2015"]
[Site "Minsk BLR"]
[Date "2015.12.18"]
[Round "12.29"]
[White "Shevchenko, Kirill"]
[Black "Shtembuliak, Evgeny"]
[Result "1/2-1/2"]
[WhiteTitle "FM"]
[BlackTitle "FM"]
[WhiteElo "2373"]
[BlackElo "2420"]
[WhiteFideId "14129574"]
[BlackFideId "14113325"]
[EventDate "2015.12.18"]
[EventType "swiss (blitz)"]

1. e4 e6 2. d4 d5 3. Nc3 Nc6 4. Be3 Bb4 5. e5 Nge7 6. a3 Bxc3+ 7. bxc3 Nf5 8.
Nf3 Nxe3 9. fxe3 f6 10. exf6 gxf6 11. Bd3 Qe7 12. Nh4 Qf7 13. O-O Bd7 14. Qf3
Rf8 15. c4 O-O-O 16. Rab1 Na5 17. cxd5 exd5 18. e4 Be6 19. e5 fxe5 20. Qxf7 Rxf7
21. Rxf7 Bxf7 22. dxe5 Be6 23. Rf1 Nc6 24. Rf6 Re8 25. Nf3 Kd8 26. Bxh7 Bg4 27.
Bg6 Rh8 28. e6 Ke7 29. Rf7+ Kxe6 30. Ng5+ Kd6 31. Rf4 Be6 32. Rf6 Nd8 33. Rxe6+
Nxe6 34. Nf7+ Ke7 35. Nxh8 Kf6 36. Bf7 Nf4 37. g3 Ne2+ 38. Kf2 Nc3 39. Be8 Ne4+
40. Ke3 Nd6 41. Bh5 c5 42. Ng6 Kg5 43. Nf4 d4+ 44. Kd3 Kf5 45. Bf3 Ke5 46. Bd5
b5 47. h4 c4+ 48. Ke2 Nf5 49. Kf2 d3 50. cxd3 c3 51. Bb3 Nd4 52. Bd1 c2 53. Bxc2
Nxc2 54. h5 Nxa3 55. h6 Kf6 56. Ke3 b4 57. Nd5+ Kg6 58. Nxb4 Kxh6 59. Kf4 Kg6
60. Nc6 a6 61. d4 Nc4 62. Ne5+ Nxe5 63. dxe5 a5 64. Ke4 a4 65. Kd4 a3 66. Kc3
Kf5 1/2-1/2

[Event "European Blitz 2015"]
[Site "Minsk BLR"]
[Date "2015.12.18"]
[Round "12.30"]
[White "Nazaretyan, Tigran"]
[Black "Zakhartsov, Vladimir"]
[Result "1/2-1/2"]
[BlackTitle "IM"]
[WhiteElo "2301"]
[BlackElo "2462"]
[WhiteFideId "24162345"]
[BlackFideId "4145097"]
[EventDate "2015.12.18"]
[EventType "swiss (blitz)"]

1. d4 Nf6 2. c4 g6 3. Nc3 d5 4. Nf3 Bg7 5. Bg5 dxc4 6. e4 c5 7. Bxc4 cxd4 8.
Qxd4 Qxd4 9. Nxd4 a6 10. Rd1 e5 11. Nf3 Nc6 12. h3 O-O 13. O-O h6 14. Be3 1/2-1/2

[Event "European Blitz 2015"]
[Site "Minsk BLR"]
[Date "2015.12.18"]
[Round "12.31"]
[White "Sharafiev, Azat"]
[Black "Gorodetzky, David"]
[Result "0-1"]
[WhiteTitle "IM"]
[BlackTitle "FM"]
[WhiteElo "2420"]
[BlackElo "2342"]
[WhiteFideId "4186214"]
[BlackFideId "2813416"]
[EventDate "2015.12.18"]
[EventType "swiss (blitz)"]

1. e4 c5 2. c3 Nf6 3. e5 Nd5 4. d4 cxd4 5. cxd4 Nc6 6. Nc3 Nxc3 7. bxc3 d6 8.
Nf3 e6 9. exd6 Bxd6 10. Bd3 Be7 11. Bc2 b6 12. O-O Bb7 13. Qe2 Rc8 14. Bb2 Na5
15. Ne5 Bf6 16. Ba4+ Kf8 17. f4 g6 18. Rae1 Kg7 19. Bb3 Nxb3 20. axb3 h5 21. c4
Re8 22. Rd1 a6 23. Qf2 b5 24. d5 exd5 25. cxd5 Qd6 26. Rd3 a5 27. Ra1 Ra8 28.
Ba3 b4 29. Bb2 Ba6 30. Rd4 Bb5 31. Qd2 Kg8 32. Re1 Rad8 33. Re3 Qc5 34. Kh1 Rd6
35. h3 Rc8 36. Ree4 Qc2 37. Qxc2 Rxc2 38. Ba1 Rc1+ 39. Kh2 Rxa1 40. Rd2 Rc1 41.
Nf3 Rc5 42. f5 Rcxd5 43. Rxd5 Rxd5 44. fxg6 fxg6 45. Re6 Kg7 46. Rb6 Be2 47. Ne1
Be5+ 48. Kh1 Bg3 0-1

[Event "European Blitz 2015"]
[Site "Minsk BLR"]
[Date "2015.12.18"]
[Round "12.32"]
[White "Harutjunyan, Gevorg"]
[Black "Novitzkij, Dmitrij"]
[Result "0-1"]
[WhiteTitle "GM"]
[BlackTitle "IM"]
[WhiteElo "2436"]
[BlackElo "2317"]
[WhiteFideId "13300873"]
[BlackFideId "13500619"]
[EventDate "2015.12.18"]
[EventType "swiss (blitz)"]

1. e4 c6 2. d4 d5 3. e5 Bf5 4. h4 h5 5. c4 e6 6. Nc3 Ne7 7. Bg5 Qa5 8. Qb3 Nd7
9. Nf3 Bg4 10. Be2 Nf5 11. Qxb7 Rb8 12. Qxc6 Bxf3 13. Bxf3 Nxd4 14. Qa4 Qxa4 15.
Nxa4 Nc2+ 16. Ke2 Nxa1 17. Rxa1 Nxe5 18. cxd5 Nxf3 19. Kxf3 exd5 20. Rd1 Rb5 21.
b3 Bb4 22. Bd2 Bxd2 23. Rxd2 Rh6 24. Nc3 Rc5 0-1

[Event "European Blitz 2015"]
[Site "Minsk BLR"]
[Date "2015.12.18"]
[Round "12.33"]
[White "Johannessen, Leif Erlend"]
[Black "Lobanov, Sergei"]
[Result "0-1"]
[WhiteTitle "GM"]
[WhiteElo "2487"]
[BlackElo "2457"]
[WhiteFideId "1501674"]
[BlackFideId "24183750"]
[EventDate "2015.12.18"]
[EventType "swiss (blitz)"]

1. d4 Nf6 2. c4 e6 3. Nf3 d5 4. Nc3 Be7 5. Bf4 O-O 6. e3 b6 7. Bd3 Bb7 8. cxd5
exd5 9. O-O c5 10. Rc1 Na6 11. Ne5 Nc7 12. Qa4 Ne6 13. Bg3 cxd4 14. exd4 Ne4 15.
Bxe4 dxe4 16. Rfd1 Bf6 17. Nc6 Bxc6 18. Qxc6 Nxd4 19. Qxe4 Re8 20. Qb7 Qc8 21.
Qxc8 Raxc8 22. Kf1 g6 23. Nd5 Bg5 24. Rxc8 Rxc8 25. Rxd4 Rc1+ 26. Ke2 Rc2+ 27.
Kf3 Rxb2 28. h4 Bd8 29. a4 h5 30. Be5 Rb3+ 31. Ke2 b5 32. axb5 Rxb5 33. Nf6+ Kg7
34. Nd5+ Kg8 35. f4 a5 36. Nf6+ Bxf6 37. Bxf6 Rb8 38. Rd8+ Rxd8 39. Bxd8 a4 40.
Kd3 Kf8 41. Bf6 Ke8 42. Ke4 Kd7 43. Kd5 a3 44. g3 a2 45. Ba1 Ke7 46. Ke5 0-1

[Event "European Blitz 2015"]
[Site "Minsk BLR"]
[Date "2015.12.18"]
[Round "12.34"]
[White "Sivuk, Vitaly"]
[Black "Martynov, Roman"]
[Result "1/2-1/2"]
[WhiteTitle "GM"]
[WhiteElo "2552"]
[BlackElo "2284"]
[WhiteFideId "14116502"]
[BlackFideId "14132044"]
[EventDate "2015.12.18"]
[EventType "swiss (blitz)"]

1. d4 Nf6 2. c4 e6 3. Nf3 Bb4+ 4. Nbd2 d5 5. Qa4+ Nc6 6. e3 O-O 7. a3 Be7 8. Bd3
dxc4 9. Qxc4 Bd6 10. Ne4 e5 11. Nxd6 cxd6 12. Be2 Bg4 13. dxe5 dxe5 14. O-O e4
15. Nd4 Nxd4 16. Bxg4 Nxg4 17. Qxd4 Qxd4 18. exd4 Rac8 19. h3 Nf6 20. Bg5 Nd5
21. Rac1 f5 22. Rc5 Rxc5 23. dxc5 f4 24. Rd1 Rf5 25. Bd8 e3 26. fxe3 fxe3 27.
Re1 Rf2 28. b4 Ra2 29. Rd1 Nf4 30. Re1 Rxg2+ 31. Kh1 Ra2 32. Rxe3 Kf7 33. Rc3
Ke6 34. b5 Nd5 35. Rd3 Rc2 36. b6 a6 37. Rg3 g6 38. Rg1 Rxc5 39. Re1+ Kd7 40.
Bh4 Rb5 41. Bf2 Nxb6 42. Rd1+ Nd5 43. Rc1 Rb2 44. Bg3 b5 45. Rc5 Ke6 46. Rc6+
Kf5 47. Rxa6 Rb3 48. Kh2 Rb2+ 49. Kh1 h5 50. Bb8 Rb3 51. Kh2 Rb2+ 52. Kh1 Nf4
53. Bxf4 Kxf4 54. Rxg6 Rb3 55. Rb6 Rxh3+ 56. Kg2 Rb3 57. Kh2 Kg4 58. Rg6+ Kh4
59. Rb6 Rb2+ 60. Kg1 Kg3 61. Rg6+ Kh3 62. Rb6 h4 63. a4 b4 64. a5 Kg3 65. Rg6+
Kf3 66. a6 Ra2 67. Rb6 Kg3 68. Rg6+ Kf4 69. Rb6 Kg3 70. Rg6+ Kf3 71. Rb6 Ra4 72.
a7 Rxa7 73. Rxb4 Kg3 74. Rb3+ Kg4 75. Rb4+ Kh5 76. Kg2 Rf7 77. Rb5+ Kg4 78. Rb4+
Kg5 79. Rb5+ 1/2-1/2

[Event "European Blitz 2015"]
[Site "Minsk BLR"]
[Date "2015.12.18"]
[Round "12.35"]
[White "Tukhaev, Adam"]
[Black "Polivanov, Anatoliy"]
[Result "1-0"]
[WhiteTitle "GM"]
[BlackTitle "IM"]
[WhiteElo "2564"]
[BlackElo "2426"]
[WhiteFideId "14109476"]
[BlackFideId "14109468"]
[EventDate "2015.12.18"]
[EventType "swiss (blitz)"]

1. e4 g6 2. d4 Bg7 3. Nc3 d6 4. f4 a6 5. Nf3 b5 6. Bd3 Nd7 7. e5 Nh6 8. O-O O-O
9. Ne4 Bb7 10. c3 c5 11. Qe2 Qb6 12. Be3 c4 13. Bc2 Ng4 14. Rae1 Nxe3 15. Qxe3
Bd5 16. Kh1 Rae8 17. Qf2 f5 18. exf6 Nxf6 19. Neg5 e6 20. Qh4 Qb7 21. Rf2 Re7
22. Ref1 Rfe8 23. Kg1 Rf8 24. Re2 Nh5 25. Nxh7 Nxf4 26. Ref2 Rff7 27. Nfg5 Bxg2
28. Rxf4 Bxf1 29. Kxf1 Qh1+ 30. Kf2 Rxf4+ 31. Qxf4 Bh6 32. Bxg6 Bxg5 33. Nxg5
Kg7 34. Bh5 Qd5 35. Bf3 Qf5 36. Qxf5 exf5 37. Nh3 Kf6 38. Nf4 Rh7 39. h3 Rh4 40.
Kg3 Rh8 41. h4 Re8 42. Kf2 Rh8 43. h5 Kg5 44. Ne6+ Kf6 45. Nf4 Kg5 46. Nd5 Re8
47. Nc7 Re7 48. Nxa6 Ra7 49. Nb4 Kf4 50. Nd5+ Kg5 51. a3 f4 52. Nb4 Re7 53. Nd5
Re8 54. Nc7 Re3 55. Nxb5 Rd3 56. Nxd6 Rd2+ 57. Ke1 Rxb2 58. Nxc4 Rc2 59. Nd2 Kh4
60. c4 Rc3 61. d5 Rxa3 62. d6 Re3+ 63. Kd1 Rd3 64. Bd5 f3 65. Bxf3 Rxd6 66. Ke2
Re6+ 67. Ne4 Re5 68. Ke3 Re7 69. Kf4 Rf7+ 70. Ke3 Re7 71. Be2 Rf7 72. Kd4 Rd7+
73. Ke5 Re7+ 74. Kd5 Rd7+ 75. Ke5 Re7+ 76. Kf5 Rf7+ 77. Ke6 Rf4 78. Ke5 Rf7 79.
c5 Re7+ 80. Kd5 Rd7+ 81. Ke6 Rc7 82. Kd6 Rg7 83. c6 Rh7 84. Kd5 Rh8 1-0

[Event "European Blitz 2015"]
[Site "Minsk BLR"]
[Date "2015.12.18"]
[Round "12.36"]
[White "Sychev, Klementy"]
[Black "Faizrakhmanov, Ramil"]
[Result "1/2-1/2"]
[WhiteTitle "IM"]
[BlackTitle "FM"]
[WhiteElo "2415"]
[BlackElo "2426"]
[WhiteFideId "4114060"]
[BlackFideId "24103209"]
[EventDate "2015.12.18"]
[EventType "swiss (blitz)"]

1. d4 Nf6 2. c4 g6 3. Nc3 d5 4. cxd5 Nxd5 5. e4 Nxc3 6. bxc3 Bg7 7. Bc4 c5 8.
Ne2 Nc6 9. Be3 O-O 10. O-O Qc7 11. Rb1 b6 12. dxc5 bxc5 13. Rb5 Ba6 14. Rxc5
Bxc4 15. Rxc4 Rac8 16. Nd4 Qb7 17. Nxc6 Rxc6 18. Qd5 Rfc8 19. Rxc6 Qxc6 20. Qxc6
Rxc6 21. Rc1 Rc4 22. f3 a5 23. Kf1 f5 24. exf5 gxf5 25. Ke2 Rxc3 26. Rxc3 Bxc3
27. Kd3 Be1 28. Kc4 Kf7 29. a4 e5 30. Kd5 Kf6 31. Bb6 Bc3 32. Bc7 h5 33. Bd8+
Kf7 34. h3 Kg6 35. Bc7 Kf6 36. Bd6 Bb2 37. Bc7 Bc3 38. Bd8+ Kf7 39. Bb6 Kg6 40.
Bd8 Kf7 41. Kc4 Be1 42. Kd5 Bc3 43. Bb6 Kg6 44. Bc5 Kf7 45. Bd6 Kf6 46. Bc7 f4
47. Bd8+ Kf5 48. Kc4 Be1 49. Kd5 Bd2 50. Bb6 Be1 51. Bc7 Bc3 52. Kc4 Be1 53. Kb5
e4 54. fxe4+ Kxe4 55. Bxa5 Bxa5 56. Kxa5 Ke3 57. Kb6 Kf2 58. a5 Kxg2 59. a6 f3
60. a7 f2 61. a8=Q+ Kg1 62. Qg8+ Kh2 63. Qf7 Kg2 64. Qg6+ Kxh3 65. Qf5+ Kg2 66.
Qe4+ Kg1 67. Qe3 Kg2 68. Qe2 Kg1 1/2-1/2

[Event "European Blitz 2015"]
[Site "Minsk BLR"]
[Date "2015.12.18"]
[Round "12.37"]
[White "Dubrovin, Robert"]
[Black "Short, Nigel D"]
[Result "0-1"]
[BlackTitle "GM"]
[WhiteElo "2223"]
[BlackElo "2684"]
[WhiteFideId "4501829"]
[BlackFideId "400025"]
[EventDate "2015.12.18"]
[EventType "swiss (blitz)"]

1. e4 g6 2. d4 Bg7 3. Nc3 d6 4. Be3 a6 5. f3 b5 6. Qd2 Nd7 7. h4 h5 8. Nh3 Bb7
9. Ng5 c5 10. dxc5 Nxc5 11. O-O-O Rc8 12. Bd4 Bxd4 13. Qxd4 Nf6 14. e5 Nfd7 15.
e6 Ne5 16. Nxf7 Nxf7 17. exf7+ Kxf7 18. Kb1 e6 19. Qxd6 Qf6 20. Be2 Rhd8 21. Qg3
b4 22. Ne4 Nxe4 23. fxe4 Bxe4 24. Bd3 Bf5 25. Rhf1 a5 26. Qf4 Rd4 27. Qe3 Rcd8
28. g3 a4 29. Be2 a3 30. Rxd4 Rxd4 31. Qb3 Rd2 32. Bd1 axb2 33. Qxb2 Qc3 34. Qb3
Qxb3+ 35. axb3 Kf6 36. Kc1 Rg2 37. Rf3 Rg1 38. Rf2 Ke5 39. Kd2 Kd4 40. Rf4+ Kc5
41. Rf3 Rxd1+ 42. Kxd1 Bg4 43. Ke2 Kd4 44. Kf2 Bxf3 45. Kxf3 Kc3 0-1

[Event "European Blitz 2015"]
[Site "Minsk BLR"]
[Date "2015.12.18"]
[Round "12.38"]
[White "Demidov, Mikhail"]
[Black "Putka, Verners"]
[Result "1-0"]
[WhiteTitle "IM"]
[WhiteElo "2485"]
[BlackElo "2307"]
[WhiteFideId "4197143"]
[BlackFideId "11600659"]
[EventDate "2015.12.18"]
[EventType "swiss (blitz)"]

1. d4 Nf6 2. Bg5 c5 3. d5 Qb6 4. Nc3 g6 5. e4 d6 6. Bb5+ Bd7 7. a4 Bg7 8. a5 Qc7
9. Be2 O-O 10. Nf3 Na6 11. O-O Nb4 12. Re1 e6 13. dxe6 fxe6 14. e5 dxe5 15. Bxf6
Rxf6 16. Ne4 Rf4 17. Bc4 Rxf3 18. gxf3 Rf8 19. c3 Nc6 20. Qd6 Qxd6 21. Nxd6 Rxf3
22. Nxb7 Rf4 23. Nxc5 Rxc4 24. Nxd7 e4 25. Rac1 Nxa5 26. Rcd1 Nc6 27. Nb8 Ne5
28. Rd8+ Kf7 29. Red1 Nf3+ 30. Kg2 Be5 31. R1d7+ Kf6 32. Rxh7 Kg5 33. Nd7 Bf4
34. Nf8 Kf6 35. h4 Ra4 36. Nd7+ Kf5 37. Rf7+ Kg4 38. Nf6+ Kxh4 39. Rh8+ Kg5 40.
Nh7+ Kg4 41. Nf6+ Kg5 42. b4 Ra1 43. Nxe4+ Kg4 44. Nf6+ Kg5 45. Kxf3 Kf5 46.
Nh5+ 1-0

[Event "European Blitz 2015"]
[Site "Minsk BLR"]
[Date "2015.12.18"]
[Round "12.39"]
[White "Naboka, Sergey"]
[Black "Goganov, Aleksey"]
[Result "1-0"]
[WhiteTitle "FM"]
[BlackTitle "GM"]
[WhiteElo "2266"]
[BlackElo "2597"]
[WhiteFideId "14123452"]
[BlackFideId "24109959"]
[EventDate "2015.12.18"]
[EventType "swiss (blitz)"]

1. e4 e6 2. d4 d5 3. Nc3 Bb4 4. Qd3 c5 5. dxc5 Nf6 6. exd5 Qxd5 7. Bd2 Qxd3 8.
Bxd3 Bxc5 9. Nf3 Nc6 10. Ne4 Nxe4 11. Bxe4 Bd7 12. c3 O-O-O 13. b4 Be7 14. Be3
f5 15. Bc2 Bf6 16. b5 Bxc3+ 17. Ke2 Nb4 18. Ba4 Bxa1 19. Rxa1 b6 20. Ne5 Rhf8
21. Rc1+ Kb7 22. a3 Nd5 23. Bg5 Nf6 24. Nc6 Rc8 25. Rd1 Nd5 26. Bd2 Bxc6 27.
bxc6+ Kc7 28. Re1 a6 29. Kf1 Rfe8 30. Bb3 Kxc6 31. Rc1+ Kb7 32. Re1 Kc6 33. Rc1+
Kd6 34. Re1 b5 35. g3 h6 36. h4 Rc6 37. Rd1 Rec8 38. Bf4+ Ke7 39. Bxd5 exd5 40.
Rxd5 Ke6 41. Re5+ Kf6 42. Rd5 g5 43. hxg5+ hxg5 44. Be3 Re6 45. Bd4+ Kg6 46. Rd7
Rc4 47. Be3 f4 48. gxf4 gxf4 49. Bd4 f3 50. Kg1 Re4 51. Be3 Rg4+ 52. Kh2 Rg2+
53. Kh3 Rc8 54. Rd6+ Kf5 55. Rh6 Rc3 56. Rh5+ Ke4 57. Rh4+ Kd3 58. Rf4 Rxa3 59.
Rxf3 Rg8 60. Bc5+ Kc4 61. Bxa3 a5 62. Rf4+ Kb3 63. Bd6 b4 64. Bc7 a4 65. Bd6 a3
66. Rxb4+ Kc2 67. Ra4 Rg6 68. Bxa3 Kd3 69. Bc5 Ke2 70. Rg4 Rh6+ 71. Kg3 Rh5 72.
Be3 Rf5 73. Kg2 Rf8 74. Kg3 Rf3+ 75. Kg2 Rf8 76. Rg7 Rf6 77. Ba7 Re6 78. Bc5 Re5
79. Re7 1-0

[Event "European Blitz 2015"]
[Site "Minsk BLR"]
[Date "2015.12.18"]
[Round "12.40"]
[White "Kovalev, Vladislav"]
[Black "Kochetkov, German"]
[Result "0-1"]
[WhiteTitle "GM"]
[BlackTitle "IM"]
[WhiteElo "2546"]
[BlackElo "2338"]
[WhiteFideId "13504398"]
[BlackFideId "13500635"]
[EventDate "2015.12.18"]
[EventType "swiss (blitz)"]

1. e4 c5 2. Nc3 d6 3. f4 g6 4. Nf3 Bg7 5. Bc4 Nc6 6. O-O e6 7. d4 cxd4 8. Nb5
Nf6 9. e5 Ne4 10. Bd3 a6 11. Nbxd4 Nxd4 12. Nxd4 dxe5 13. Bxe4 Qxd4+ 14. Kh1
Qxe4 0-1

[Event "European Blitz 2015"]
[Site "Minsk BLR"]
[Date "2015.12.18"]
[Round "12.41"]
[White "Stupak, Kirill"]
[Black "Savitskiy, Sergey"]
[Result "0-1"]
[WhiteTitle "GM"]
[BlackTitle "FM"]
[WhiteElo "2542"]
[BlackElo "2365"]
[WhiteFideId "13503758"]
[BlackFideId "24105660"]
[EventDate "2015.12.18"]
[EventType "swiss (blitz)"]

1. d4 Nf6 2. g3 g6 3. Bg2 Bg7 4. e4 d6 5. Nc3 O-O 6. Nge2 e5 7. O-O Re8 8. h3
Nbd7 9. Be3 c6 10. a4 a5 11. b3 exd4 12. Bxd4 Qe7 13. Qd2 Nc5 14. Rfe1 Nfd7 15.
Bxg7 Kxg7 16. Rad1 Nf6 17. Nf4 Qe5 18. Nd3 Nxd3 19. cxd3 c5 20. d4 cxd4 21. Qxd4
Be6 22. Qxd6 Qxc3 23. e5 Nd7 24. Re3 Qb4 25. Qxb4 axb4 26. Bxb7 Rab8 27. Bc6
Red8 28. Red3 Nxe5 29. Rxd8 Rxd8 30. Rxd8 Nxc6 31. Rd6 Ne5 32. a5 Bxb3 33. a6
Bc2 34. a7 Be4 35. Rb6 Nd3 36. Rb8 h5 37. Kf1 Bf3 38. a8=Q Bxa8 39. Rxa8 h4 40.
Rd8 Nc5 41. g4 Ne6 42. Rd3 Nf4 43. Rb3 g5 44. Kg1 Kf6 45. Kh2 Nd5 46. Kg2 Ke5
47. Rb1 Kd4 48. Kf3 Kc4 49. Ra1 Nc3 50. Ra7 b3 51. Rc7+ Kd3 52. Rxf7 b2 53. Rd7+
Kc4 0-1

[Event "European Blitz 2015"]
[Site "Minsk BLR"]
[Date "2015.12.18"]
[Round "12.42"]
[White "Grishchenko, Sergey1"]
[Black "Kochetkova, Julia"]
[Result "0-1"]
[WhiteTitle "IM"]
[BlackTitle "WGM"]
[WhiteElo "2442"]
[BlackElo "2320"]
[WhiteFideId "4136730"]
[BlackFideId "4139690"]
[EventDate "2015.12.18"]
[EventType "swiss (blitz)"]

1. d4 d5 2. c4 e6 3. Nc3 Be7 4. Nf3 Nf6 5. Bg5 O-O 6. e3 h6 7. Bh4 Nbd7 8. Qc2
b6 9. cxd5 exd5 10. Bd3 Bb7 11. O-O c5 12. Rad1 Rc8 13. Bf5 Ne4 14. Nxe4 dxe4
15. Bxe4 Bxh4 16. Bxb7 Rc7 17. Bd5 cxd4 18. Qe4 dxe3 19. Nxh4 e2 20. Qxe2 Qxh4
21. Rfe1 Nf6 22. Bb3 Qg5 23. g3 g6 24. Qd3 Kg7 25. Qd4 Qc5 26. Qf4 Re7 27. Rxe7
Qxe7 28. Rc1 Rd8 29. Qc4 Rd2 30. Qf4 Rd7 31. Ba4 Rd6 32. Rc7 0-1

[Event "European Blitz 2015"]
[Site "Minsk BLR"]
[Date "2015.12.18"]
[Round "12.43"]
[White "Zisman, Philip"]
[Black "Shkapenko, Pavel"]
[Result "0-1"]
[WhiteTitle "FM"]
[BlackTitle "IM"]
[WhiteElo "2304"]
[BlackElo "2407"]
[WhiteFideId "2805197"]
[BlackFideId "4151933"]
[EventDate "2015.12.18"]
[EventType "swiss (blitz)"]

1. d4 Nf6 2. Bg5 Ne4 3. h4 d5 4. Nd2 Bf5 5. Nxe4 Bxe4 6. f3 h6 7. Bf4 Bh7 8. e3
e6 9. Bd3 Bxd3 10. Qxd3 Bd6 11. Ne2 Nd7 12. Kf2 Qe7 13. c4 dxc4 14. Qxc4 e5 15.
dxe5 Nxe5 16. Bxe5 Qxe5 17. f4 Qe7 18. Nd4 O-O 19. Nf5 Qf6 20. Nxd6 cxd6 21. Qc3
Qe6 22. Rad1 Rac8 23. Qd4 Rc2+ 24. Rd2 Rfc8 25. Rh3 Rxd2+ 26. Qxd2 Qe4 27. Qd1 0-1

[Event "European Blitz 2015"]
[Site "Minsk BLR"]
[Date "2015.12.18"]
[Round "12.44"]
[White "Kuzin, Anton"]
[Black "Olhovik, Andrei"]
[Result "0-1"]
[WhiteTitle "IM"]
[WhiteElo "2409"]
[BlackElo "2308"]
[WhiteFideId "4148410"]
[BlackFideId "13507397"]
[EventDate "2015.12.18"]
[EventType "swiss (blitz)"]

1. e4 c5 2. Nf3 Nc6 3. Bb5 g6 4. O-O Bg7 5. Re1 Nh6 6. Bxc6 bxc6 7. d3 O-O 8. h3
f6 9. Be3 d6 10. Qd2 Nf7 11. a3 a5 12. Nc3 e5 13. Na4 f5 14. exf5 gxf5 15. Bg5
Qc7 16. Bh4 Be6 17. Ng5 Nxg5 18. Bxg5 Kh8 19. Bh6 Rg8 20. Bxg7+ Qxg7 21. f3 f4
22. Kf1 Bxh3 23. Re2 Qg3 24. Rf2 Qh2 25. gxh3 Qh1+ 26. Ke2 Qxa1 27. Nb6 Rae8 28.
Nc4 d5 29. Nd6 Re7 30. Nf5 Re6 31. Qxa5 Qxb2 32. Qxc5 Rf6 33. Ne7 Rg1 34. Rf1
Rxf1 35. Kxf1 Qc1+ 36. Ke2 Qe3+ 37. Qxe3 fxe3 38. Kxe3 Re6 39. Nf5 Re8 40. Nd6
Re7 41. c4 Ra7 42. c5 Kg7 43. f4 exf4+ 44. Kxf4 Rxa3 45. d4 Rxh3 46. Ke5 Re3+
47. Kf4 Re1 48. Nf5+ Kf6 49. Nd6 h5 50. Nb7 Re4+ 51. Kf3 Rxd4 52. Nd8 Kf5 53.
Nxc6 Rd3+ 54. Ke2 Rc3 55. Ne7+ Ke4 56. c6 Rc2+ 57. Kd1 Rc5 58. Kd2 d4 59. Ke2 h4
60. Kf2 h3 61. Kg3 d3 0-1

[Event "European Blitz 2015"]
[Site "Minsk BLR"]
[Date "2015.12.18"]
[Round "12.45"]
[White "Shukh, Nikolai"]
[Black "Lojko, Alexej"]
[Result "1-0"]
[WhiteTitle "IM"]
[WhiteElo "2435"]
[BlackElo "2214"]
[WhiteFideId "24102580"]
[BlackFideId "24146200"]
[EventDate "2015.12.18"]
[EventType "swiss (blitz)"]

1. d4 d5 2. c4 e6 3. Nf3 c5 4. cxd5 exd5 5. g3 Nc6 6. Bg2 Nf6 7. O-O cxd4 8.
Nxd4 Be7 9. Nc3 O-O 10. Bf4 Qb6 11. Nb3 d4 12. Ne4 Nxe4 13. Bxe4 Bh3 14. Re1 Bb4
15. Bd2 Rfd8 16. Rc1 a5 17. Bxb4 Nxb4 18. a3 Na6 19. Qd3 h6 20. a4 Be6 21. Qb5
Qxb5 22. axb5 Bxb3 23. bxa6 Rxa6 24. Bxb7 Rb6 25. Be4 g6 26. Rc5 Be6 27. Rxa5
Rxb2 28. h4 Bc4 29. Bf3 Be6 30. Rd1 Bb3 31. Rc1 Be6 32. Ra3 Rd7 33. Rd3 Rb8 34.
Rcd1 Rbd8 35. h5 Kg7 36. hxg6 fxg6 37. Rc1 Bf5 38. Rd2 h5 39. Rc5 Re7 40. Rc4
Red7 41. Rb4 Rd6 42. Kg2 R8d7 43. Rb8 Rd8 44. Rb7+ R8d7 45. Rb5 Kf6 46. Rc5 Kg7
47. Bxh5 gxh5 48. Rxf5 Kg6 49. Rf3 Rd5 50. Rfd3 Kf5 51. e3 Ke6 52. Rxd4 Rxd4 53.
Rxd4 Rg7 54. Ra4 Kf6 55. Kh3 1-0

[Event "European Blitz 2015"]
[Site "Minsk BLR"]
[Date "2015.12.18"]
[Round "12.46"]
[White "Reprintsev, Alexander"]
[Black "Sysolyatin, Evgeny"]
[Result "0-1"]
[WhiteTitle "IM"]
[BlackTitle "FM"]
[WhiteElo "2321"]
[BlackElo "2289"]
[WhiteFideId "14100541"]
[BlackFideId "4154916"]
[EventDate "2015.12.18"]
[EventType "swiss (blitz)"]

1. e4 e5 2. f4 exf4 3. Bc4 Nf6 4. Nc3 Bb4 5. e5 d5 6. Bb5+ c6 7. exf6 cxb5 8.
fxg7 Rg8 9. Qe2+ Be7 10. d4 a6 11. Bxf4 Nc6 12. Nf3 Be6 13. Bh6 Bf6 14. O-O-O
Bxg7 15. Bxg7 Rxg7 16. h4 Qd6 17. Ne5 O-O-O 18. g4 Nxe5 19. dxe5 Qc5 20. g5 Rgg8
21. Rhe1 h6 22. Qg2 hxg5 23. hxg5 d4 24. Ne4 Qxe5 25. Rg1 Bd5 26. Rde1 Rge8 27.
Qg4+ Be6 28. Qg3 Qxg3 29. Rxg3 Bf5 30. Nd6+ Rxd6 31. Rxe8+ Kd7 32. Rb8 Kc7 33.
Rf8 Bg6 34. Re8 Kd7 35. Re2 Rd5 36. Rd2 Kc6 37. c3 d3 38. b3 Re5 39. Kb2 a5 40.
Rgg2 Re3 41. a3 Kd5 42. Rg4 Kc5 43. b4+ Kb6 44. bxa5+ Kxa5 45. Rd4 Rg3 46. Rd5
Kb6 47. Kb3 Kc6 48. Re5 Rh3 49. c4 bxc4+ 50. Kxc4 Rh4+ 51. Kc3 Ra4 52. Kb3 Rd4
53. Re1 Rg4 54. Re5 Rd4 55. a4 Rg4 56. Rd1 Rg2 57. Rc1+ Kd6 58. Re8 Kd7 59. Re5
Kd6 60. Rb5 d2 61. Rb6+ Kd5 62. Rf1 Bh5 63. Rxb7 0-1

[Event "European Blitz 2015"]
[Site "Minsk BLR"]
[Date "2015.12.18"]
[Round "12.47"]
[White "Potapov, Alexey"]
[Black "Kanter, Eduard"]
[Result "1/2-1/2"]
[WhiteTitle "IM"]
[BlackTitle "IM"]
[WhiteElo "2389"]
[BlackElo "2353"]
[WhiteFideId "4182138"]
[BlackFideId "4103963"]
[EventDate "2015.12.18"]
[EventType "swiss (blitz)"]

1. Nf3 g6 2. g3 Bg7 3. Bg2 Nf6 4. O-O O-O 5. c4 c6 6. Nc3 d5 7. cxd5 cxd5 8. d4
Ne4 9. Nxe4 dxe4 10. Ne5 Nd7 11. Bxe4 Nxe5 12. dxe5 Bh3 13. Bg2 Bxg2 14. Kxg2
Bxe5 15. Bh6 Qxd1 16. Rfxd1 Rfd8 17. Rxd8+ Rxd8 18. Rc1 f5 19. Rc2 Kf7 20. Be3
a6 21. b3 Ke6 22. Kf3 Rd7 23. h4 h5 24. Rc1 Rc7 25. Rxc7 Bxc7 26. Bg5 Bd6 27. e4
Kf7 28. Be3 e6 29. Bd4 Bc7 30. Ke3 Ke7 31. Bc5+ Kd7 32. a4 Kc6 33. Bd4 b5 34.
Kf3 bxa4 35. bxa4 Bb8 36. Ke3 Bc7 37. Kf3 Bb8 38. Ke3 Bd6 39. Kf3 Bc7 40. Ke3
Bb8 41. Kf3 Bd6 42. Ke3 1/2-1/2

[Event "European Blitz 2015"]
[Site "Minsk BLR"]
[Date "2015.12.18"]
[Round "12.48"]
[White "Antonov, Alexandr2"]
[Black "Mochalov, Evgeny V"]
[Result "0-1"]
[BlackTitle "IM"]
[WhiteElo "2098"]
[BlackElo "2381"]
[WhiteFideId "24124079"]
[BlackFideId "13500074"]
[EventDate "2015.12.18"]
[EventType "swiss (blitz)"]

1. e4 c5 2. Nf3 g6 3. d4 cxd4 4. Nxd4 Bg7 5. Nc3 Nc6 6. Nb3 Nf6 7. Be2 O-O 8.
O-O a6 9. Re1 b5 10. Bf1 d6 11. Nd5 Bb7 12. c3 Re8 13. Bg5 Nd7 14. Qd2 Nde5 15.
Be3 Nc4 16. Bxc4 bxc4 17. Nd4 Ne5 18. b3 e6 19. Nb4 Bxe4 20. Bf4 Bb7 21. Qe2 Qc7
22. Bxe5 dxe5 23. Nf3 cxb3 24. Nxe5 Qxc3 25. Nbd3 bxa2 26. Rxa2 Rad8 27. Rc2 Qa5
28. Rb1 Ba8 29. Ra2 Qd5 30. f3 f6 31. Rxa6 fxe5 32. Nf2 Qd4 33. Rba1 Bd5 34. h3
Rf8 35. Kh2 e4 36. Nxe4 Bxe4 37. Qxe4 Qxe4 38. fxe4 Bxa1 0-1